Govt. of
Madhya Pradesh

My book Of Classic Stories (Record no. 13595)

MARC details
000 -LEADER
fixed length control field 004680000a22001930004500
001 - CONTROL NUMBER
control field 001677
003 - CONTROL NUMBER IDENTIFIER
control field MACL
005 - DATE AND TIME OF LATEST TRANSACTION
control field 20151205164908.0
008 - FIXED-LENGTH DATA ELEMENTS--GENERAL INFORMATION
fixed length control field 151205b xxu||||| |||| 00| 0 eng d
040 ## - CATALOGING SOURCE
Original cataloging agency MACL
Transcribing agency MACL
041 ## - LANGUAGE CODE
Language code of text/sound track or separate title English
082 ## - DEWEY DECIMAL CLASSIFICATION NUMBER
Classification number 742
100 ## - MAIN ENTRY--PERSONAL NAME
Personal name Sakshi Parkashan,
9 (RLIN) 19411
245 ## - TITLE STATEMENT
Title My book Of Classic Stories
Statement of responsibility, etc. Sakshi Parkashan
260 ## - PUBLICATION, DISTRIBUTION, ETC. (IMPRINT)
Place of publication, distribution, etc. Sakshi Parkashan
350 ## - PRICE (NR) (BK AM CF MU VM SE) [OBSOLETE]
Price 275
650 ## - SUBJECT ADDED ENTRY--TOPICAL TERM
Topical term or geographic name as entry element Children's Book
9 (RLIN) 19412
942 ## - ADDED ENTRY ELEMENTS (KOHA)
Call number prefix 742
Koha item type Books
Source of classification or shelving scheme
Holdings
Withdrawn status Lost status Source of classification or shelving scheme Damaged status Not for loan Home library Current library Shelving location Date acquired Cost, normal purchase price Total Checkouts Full call number Barcode Date last seen Uniform Resource Identifier Price effective from Koha item type
          MACL MACL Children's Area 15/04/2015 275.00   742 CRE020905 02/05/2024 13472 15/04/2015 Books